000 01356nam0a2200397 4500
001 RU\NLR\bibl\297530
005 20260408192831.0
010 _a5-7477-0534-2
_9500
021 _aRU
_b2002-10453
_9519
035 _a(NLR Aleph) 000292840
090 _a1714906
_c1714906
100 _a20020703d2001 k y0rusy50 ca
101 0 _arus
102 _aRU
105 _ay |||||||||
200 1 _aГносеологический анализ мудрости и истины
_fГ.Б. Вильданова
_gМ-во образования Рос. Федерации, Башк. гос. ун-т
210 _aУфа
_cБГУ
_d2001
215 _a158 с.
_d20
320 _aБиблиогр.: с. 149-158
606 0 _aТеория познания
_xИстория
_92184669
_3RU\NLR\auth\661313527
606 _aИстина (филос.)
_xИстория
_3RU\NLR\auth\661312683
_92183083
610 0 _aИстина
610 0 _aТеория познания
675 _a165
_v3
_zrus
686 _a02.21
_2rugasnti
686 _a87.22
_2rubbk
686 _aЮ226г
686 _aЮ22г
700 1 _aВильданова
_bГ. Б.
_gГюзель Булатовна
_4070
801 0 _aRU
_bRKP
_c20020703
_gPSBO
801 1 _aRU
_bRKP
_c20020703
801 2 _aRU
_bNLR
_c20020906
_grcr
942 _cBOOK
980 _aNB
980 _aNBR